000 00382nam a22001577a 4500
005 20170105102929.0
008 131218b xxu||||| |||| 00| 0 eng d
020 _a9788130907383
040 _a1
082 _a342.73
_bPOW 2010
100 _4Powell, John
245 _aImmigration
_cJohn Powell
260 _aNew Delhi
_bViva Books
_c2010
300 _a298p:
_b24cm
942 _2ddc
_cBK
999 _c15957
_d15957